Cholito : (Record no. 14088)

000 -CABECERA
fixed length control field 00880nam a22002177a 4500
003 - IDENTIFICADOR DEL NÚMERO DE CONTROL
control field AR-CdUCM
008 - DATOS DE LONGITUD FIJA--INFORMACIÓN GENERAL
fixed length control field 190327b ||||| |||| 00| 0 spa d
020 ## - NÚMERO INTERNACIONAL ESTÁNDAR DEL LIBRO
ISBN 9972-00-345-0
040 ## - FUENTE DE LA CATALOGACIÓN
Agencia/entidad que catalogó originalmente la obra MUNICIPALIDAD PROVINCIAL DEL CUSCO
Entidad que transcribió la catalogación BIBLIOTECA MUNICIPAL DEL CUSCO
082 ## - NÚMERO DE LA CLASIFICACIÓN DECIMAL DEWEY
No. de Clasificación EP / 803 /
Notacion interna C75
100 ## - ENTRADA PRINCIPAL--NOMBRE DE PERSONA
Nombre Personal Colchado Lucio, Óscar
245 ## - MENCIÓN DE TÍTULO
Título Cholito :
Resto del título En la maravillosa Amazonía /
260 ## - PUBLICACIÓN, DISTRIBUCIÓN, ETC.
Lugar de publicación, distribución, etc. Lima :
Nombre de la editorial, distribuidor, etc. Santillana,
Fecha de publicación, distribución, etc. 2005.
300 ## - DESCRIPCIÓN FÍSICA
Nº de Páginas Extensión 141 páginas ;
Otros detalles físicos Ilustraciones.
Dimensiones 20 cm.
440 ## - MENCIÓN DE SERIE/PUNTO DE ACCESO ADICIONAL--TÍTULO
Título Alfaguara infantil
9 (RLIN) 32748
505 ## - NOTA DE CONTENIDO CON FORMATO
Nota de contenido formateada Contenido :Cholito se encuentra con un raro y extraño personaje -- Cholito se estera de que una nueva desgracia pesa sobre la niña amazónica -- La madre de la lupuna convierte a Cholito en un oloroso cedro ...
650 ## - PUNTO DE ACCESO ADICIONAL DE MATERIA--TÉRMINO DE MATERIA
Descriptor Cuentos infantiles
9 (RLIN) 3927
650 ## - PUNTO DE ACCESO ADICIONAL DE MATERIA--TÉRMINO DE MATERIA
Descriptor Siglo XXI
9 (RLIN) 2856
942 ## - ELEMENTOS DE PUNTO DE ACCESO ADICIONAL (KOHA)
Fuente de clasificación
Tipo de item Libros-BMC
945 ## - PROCESAMIENTO DE INFORMACIÓN LOCAL (OCLC)
Catalogador rum
AAAA-MM-DD - Fecha de ingreso o modificacion 2019-04-22
Holdings
Estado de retiro (separado) Fuente de clasificación o esquema de estanterías Estado dañado Ubicación Sala donde se ubica Nombre de la colección Fecha de adquisición o compra Costo, precio normal en soles Signatura topográfica Código de Barras Última vez visto (Koha) Tipo de ítem (Koha)
No     Sala de Infantes Sala de Infantes Children's Area 2019-04-22 10.00 EP / 803 / C75 SI00002038 2019-04-22 Libros-BMC

Powered by Koha